00430 2200169 4500001002100000005001500021035002000036008004100056245004800097100000800145260004300153300001200196084001400208082000800222650001200230990001800242INLIS00000000000040520240813102200 a0010-0724000405240813 0 ind 1 aWahai Generasi Muda, Apakah Tugasmu? /cxxx axxx aJakarta :bEsensi Erlangga Grup,c2018 a38 hlm. a060 IKP w a060 4aSejarah aP29/CP/24/405